La actualidad de la teoría objetiva del valor /
Este artículo aborda la relevancia y aplicabilidad contemporánea de la teoría objetiva del valor en el contexto económico y social. El autor, Claudio Katz, explora cómo esta teoría proporciona un enfoque crítico para comprender los fundamentos del valor económico en contraposición a las teorías subj...
Guardado en:
| 主要作者: | |
|---|---|
| 格式: | 圖書 |
| 語言: | Spanish |
| 主題: | |
| 標簽: |
添加標簽
沒有標簽, 成為第一個標記此記錄!
|
MARC
| LEADER | 00000nam a22000007a 4500 | ||
|---|---|---|---|
| 003 | cru CIDCACS/IIS | ||
| 005 | 20230902201910.0 | ||
| 007 | ta | ||
| 008 | 181017b2004 cr |||||r|||||||| ||spa|d | ||
| 040 | |c cru CIDCACS/IIS | ||
| 100 | 1 | |9 7825 |a Katz, Claudio | |
| 245 | 1 | 3 | |a La actualidad de la teoría objetiva del valor / |c Claudio Katz |
| 300 | |a páginas 44-62 | ||
| 520 | |a Este artículo aborda la relevancia y aplicabilidad contemporánea de la teoría objetiva del valor en el contexto económico y social. El autor, Claudio Katz, explora cómo esta teoría proporciona un enfoque crítico para comprender los fundamentos del valor económico en contraposición a las teorías subjetivas dominantes en la economía convencional. Katz examina cómo la teoría objetiva del valor se relaciona con conceptos como la explotación laboral, la distribución desigual de la riqueza y las dinámicas de mercado. También discute cómo esta teoría puede arrojar luz sobre la naturaleza del trabajo y su relación con la producción de bienes y servicios en la sociedad actual. A través de un análisis riguroso, el autor plantea la pertinencia de reconsiderar y debatir las bases teóricas que sustentan la economía y su implicación en la realidad económica y social contemporánea. RAR 01/2023 | ||
| 650 | 0 | |2 OCDE |9 2565 |a DISTRIBUCION DE LA RIQUEZA | |
| 650 | 0 | |2 UNESCO |9 1649 |a TEORIA ECONOMICA | |
| 773 | 0 | |0 41800 |9 2330 |d San José, Costa Rica Universidad de Costa Rica 2003- |o 15001 |t Anotaciones Sociológicas: | |
| 942 | |2 ddc |c LI | ||
| 999 | |c 41810 |d 41810 | ||
